বাংলাদেশে গণহত্যা/ (Record no. 18555)

MARC details
000 -LEADER
fixed length control field 00843nam a22002057a 4500
003 - CONTROL NUMBER IDENTIFIER
control field BDDh-ASL
005 - DATE AND TIME OF LATEST TRANSACTION
control field 20231015025720.0
008 - FIXED-LENGTH DATA ELEMENTS--GENERAL INFORMATION
fixed length control field 201014s1972 b ||||| |||| 00| 0 b d
040 ## - CATALOGING SOURCE
Original cataloging agency BDDh-ASL
Transcribing agency BDDh-ASL
041 ## - LANGUAGE CODE
Language code of text/sound track or separate title ben
082 ## - DEWEY DECIMAL CLASSIFICATION NUMBER
Classification number 954.9205
Item number RAB
100 1# - MAIN ENTRY--PERSONAL NAME
9 (RLIN) 1368
Personal name রহমান, ফজলুর
245 10 - TITLE STATEMENT
Title বাংলাদেশে গণহত্যা/
Statement of responsibility, etc. by ফজলুর রহমান।
246 ## - VARYING FORM OF TITLE
Title proper/short title Bangladeshe gonohottya
260 ## - PUBLICATION, DISTRIBUTION, ETC.
Place of publication, distribution, etc. ঢাকা:
Name of publisher, distributor, etc. মুক্তধারা,
Date of publication, distribution, etc. 1972.
300 ## - PHYSICAL DESCRIPTION
Extent ৯৬ পৃষ্ঠা :
Dimensions ২২ সে. মি.
650 04 - SUBJECT ADDED ENTRY--TOPICAL TERM
9 (RLIN) 1216
Topical term or geographic name entry element মুক্তিযুদ্ধ
General subdivision ইতিহাস
Geographic subdivision বাংলাদেশ
650 00 - SUBJECT ADDED ENTRY--TOPICAL TERM
9 (RLIN) 1369
Topical term or geographic name entry element গণহত্যা
General subdivision ইতিহাস
-- মুক্তিযুদ্ধ
Geographic subdivision বাংলাদেশ
942 ## - ADDED ENTRY ELEMENTS (KOHA)
Source of classification or shelving scheme Dewey Decimal Classification
Koha item type Books
Holdings
Withdrawn status Lost status Source of classification or shelving scheme Damaged status Not for loan Collection code Home library Current library Shelving location Date acquired Source of acquisition Total Checkouts Full call number Barcode Date last seen Copy number Price effective from Koha item type
    Dewey Decimal Classification     Non-fiction Asiatic Society Library Asiatic Society Library Liberation War Collection 10/14/2020 Donated by Professor Husniara Huq   954.9205 RAB 101755 10/14/2020 C-1 10/14/2020 Books

Powered by Koha